Tighter control (Record no. 77599)
[ view plain ]
| 000 -LEADER | |
|---|---|
| fixed length control field | 00870cab a2200217 4500 |
| 001 - CONTROL NUMBER | |
| control field | ##L134628 |
| 008 - FIXED-LENGTH DATA ELEMENTS--GENERAL INFORMATION | |
| fixed length control field | 060821n2006 000 0 eng u |
| 035 ## - SYSTEM CONTROL NUMBER | |
| System control number | (Sirsi) u134628 |
| 041 0# - LANGUAGE CODE | |
| Language code of text/sound track or separate title | eng |
| 100 1# - MAIN ENTRY--PERSONAL NAME | |
| Personal name | Baker, Anthony |
| 245 00 - TITLE STATEMENT | |
| Title | Tighter control |
| 260 ## - PUBLICATION, DISTRIBUTION, ETC. | |
| Date of publication, distribution, etc. | 2006 |
| 490 #0 - SERIES STATEMENT | |
| Series statement | RICS Building Surveying Faculty The Journal |
| Volume/sequential designation | July 2006, 18-19(2) |
| 520 ## - SUMMARY, ETC. | |
| Summary, etc. | Examines the Construction (Design and Management) Regulations 2007, which are due to come into force in April 2007. Outlines when the Regulations will apply, the general and additional duties imposed on clients, and the likely effect on surveyors. |
| 590 ## - LOCAL NOTE (RLIN) | |
| Local note | IKA220806 |
| 650 24 - SUBJECT ADDED ENTRY--TOPICAL TERM | |
| Topical term or geographic name entry element | CONSTRUCTION (DESIGN AND MANAGEMENT) REGULATIONS 2007 |
| 650 24 - SUBJECT ADDED ENTRY--TOPICAL TERM | |
| Topical term or geographic name entry element | CONSTRUCTION (HEALTH, SAFETY AND WELFARE) REGULATIONS 1996 |
| 651 #4 - SUBJECT ADDED ENTRY--GEOGRAPHIC NAME | |
| Geographic name | GREAT BRITAIN |
| 690 ## - LOCAL SUBJECT ADDED ENTRY--TOPICAL TERM (OCLC, RLIN) | |
| Topical term or geographic name as entry element | Health and safety |
| 9 (RLIN) | 6244 |
| 942 ## - ADDED ENTRY ELEMENTS (KOHA) | |
| Suppress in OPAC | 0 |
| Withdrawn status | Lost status | Source of classification or shelving scheme | Damaged status | Not for loan | Home library | Current library | Shelving location | Date acquired | Total Checkouts | Full call number | Barcode | Date last seen | Copy number | Price effective from | Koha item type |
|---|---|---|---|---|---|---|---|---|---|---|---|---|---|---|---|
| Dewey Decimal Classification | London | London | Journal article | 21/08/2006 | L134628 | 134628-1001 | 06/08/2019 | 1 | 06/08/2019 | Journal article |